-
SINGHANIA , VINOD K ., AND SINGHANIA , KAPIL
Entry Personal Name
Number of records used in: 1
001 - CONTROL NUMBER
003 - CONTROL NUMBER IDENTIFIER
005 - DATE AND TIME OF LATEST TRANSACTION
- control field:
20221221125706.0
008 - FIXED-LENGTH DATA ELEMENTS
- fixed length control field:
221221|| aca||aabn | a|a d
040 ## - CATALOGING SOURCE
- Original cataloging agency:
OSt
- Transcribing agency:
OSt
100 ## - HEADING--PERSONAL NAME
- Personal name:
SINGHANIA , VINOD K ., AND SINGHANIA , KAPIL
670 ## - SOURCE DATA FOUND
- Source citation:
Work cat.: (OSt)8187: SINGHANIA , VINOD K ., AND SINGHANIA , KAPIL, TAXMANN'S DIRECT TAXES LAW & PRACTICS